[Event "Moscow Aeroflot op-A"]
[Site "Moscow"]
[Date "2025.03.03"]
[Round "5"]
[White "Chertkov, Maksim"]
[Black "Hakemi, Arman"]
[Result "1/2-1/2"]
[WhiteElo "2309"]
[BlackElo "2441"]
[PlyCount "44"]
[EventDate "2025.03.01"]
[EventType "swiss"]
[EventRounds "9"]
[EventCountry "RUS"]
[SourceTitle "CB11_2025"]
[SourceDate "2025.03.12"]
[SourceVersion "1"]
[SourceVersionDate "2025.03.12"]
[SourceQuality "1"]

1. e4 e5 2. Nf3 Nf6 3. Nxe5 d6 4. Nf3 Nxe4 5. d4 d5 6. Bd3 Bd6 7. 0-0 0-0 8. c4 c6 9. Nc3 Nxc3 10. bxc3 dxc4 11. Bxc4 Bf5 12. Bg5 Qa5 13. Nh4 Be6 14. Bxe6 Qxg5 15. Nf3 Qa5 16. Qb3 Qc7 17. Bc4 Nd7 18. a4 Nf6 19. Rab1 b6 20. Rfe1 Rae8 21. g3 h6 22. Rbd1 g6 1/2-1/2

[Event "Senta Fantastico IM 02"]
[Site "Senta"]
[Date "2025.02.18"]
[Round "4"]
[White "Nigametzianov, Mikhail"]
[Black "Hakemi, Arman"]
[Result "1-0"]
[WhiteElo "2399"]
[BlackElo "2444"]
[PlyCount "85"]
[EventDate "2025.02.16"]
[EventType "tourn"]
[EventRounds "9"]
[EventCountry "SRB"]
[SourceTitle "CB09_2025"]
[SourceDate "2025.02.27"]
[SourceVersion "1"]
[SourceVersionDate "2025.02.27"]
[SourceQuality "1"]

1. d4 Nf6 2. Bf4 d5 3. e3 e6 4. Nf3 c5 5. c3 Nc6 6. Nbd2 Nh5 7. Bg5 f6 8. Bh4 g6 9. Be2 Be7 10. Nb3 c4 11. Nbd2 b5 12. e4 0-0 13. Ng1 Nf4 14. Bg3 Nxe2 15. Nxe2 e5 16. dxe5 fxe5 17. Nf3 Rxf3 18. gxf3 d4 19. cxd4 Bb4+ 20. Kf1 Bh3+ 21. Kg1 Qf8 22. f4 exd4 23. f5 Bg4 24. Kg2 Qe7 25. Rf1 gxf5 26. f3 Bh5 27. Nf4 Bf7 28. Nd5 Qg5 29. Kh1 Bf8 30. Rg1 Bg7 31. Be5 Qxg1+ 32. Qxg1 Nxe5 33. Ne7+ Kh8 34. Nxf5 Bf6 35. Qxd4 Rd8 36. Qe3 Bh5 37. Rf1 Bg6 38. f4 Nd3 39. e5 Bxf5 40. exf6 Bd7 41. h4 Bc6+ 42. Kh2 Re8 43. f7 1-0

[Event "Senta Fantastico IM 02"]
[Site "Senta"]
[Date "2025.02.16"]
[Round "1"]
[White "Aansh, Nandan Nerurkar"]
[Black "Hakemi, Arman"]
[Result "0-1"]
[WhiteElo "2236"]
[BlackElo "2444"]
[PlyCount "136"]
[EventDate "2025.02.16"]
[EventType "tourn"]
[EventRounds "9"]
[EventCountry "SRB"]
[SourceTitle "CB09_2025"]
[SourceDate "2025.02.27"]
[SourceVersion "1"]
[SourceVersionDate "2025.02.27"]
[SourceQuality "1"]

1. e4 c5 2. Nf3 d6 3. Bb5+ Nd7 4. a4 Ngf6 5. Nc3 g6 6. a5 a6 7. Bc4 Qc7 8. 0-0 Bg7 9. d3 0-0 10. Bg5 h6 11. Bd2 b5 12. axb6 Nxb6 13. Ba2 Bd7 14. Re1 e5 15. Be3 Kh7 16. Nd2 Be6 17. Nc4 Nc8 18. f3 Ne7 19. Bf2 Rfb8 20. Qc1 h5 21. Qb1 Bh6 22. Be3 Ra7 23. Bxh6 Kxh6 24. Qc1+ Kg7 25. Ne3 Nc6 26. Bc4 Nd4 27. Ncd1 Bc8 28. Ra4 h4 29. c3 Ne6 30. Nf2 Qd8 31. Nfg4 Nxg4 32. fxg4 Nf4 33. g3 hxg3 34. hxg3 Ne6 35. Bxe6 Bxe6 36. Re2 Qd7 37. Ra1 Rh8 38. Rh2 Rxh2 39. Kxh2 Bxg4 40. Kg2 Be6 41. c4 Ra8 42. Qd2 Qe7 43. Rh1 Rh8 44. Rxh8 Kxh8 45. Nf1 Kg7 46. Nh2 Qb7 47. Nf3 f6 48. Kf2 Qb3 49. Ke3 Qa2 50. Qc1 Qb3 51. Qd2 Bxc4 52. Ne1 Be6 53. Qa5 Qxb2 54. Qc7+ Bf7 55. Qxd6 Qd4+ 56. Qxd4 cxd4+ 57. Kd2 Kh6 58. Nf3 Kh5 59. Nh2 Bb3 60. Kc1 a5 61. Kb2 a4 62. Kb1 Bd1 63. Kc1 a3 64. Kb1 Be2 65. Kc2 Bxd3+ 66. Kb3 Bxe4 67. Kxa3 Bg2 68. Kb3 Kg5 0-1

[Event "Suhar op"]
[Site "Suhar"]
[Date "2024.12.14"]
[Round "6"]
[White "Velavaa, Ragavesh"]
[Black "Hakemi, Arman"]
[Result "0-1"]
[WhiteElo "2075"]
[BlackElo "2439"]
[PlyCount "230"]
[EventDate "2024.12.12"]
[EventType "swiss"]
[EventRounds "7"]
[EventCountry "OMN"]
[SourceTitle "CB52_2024"]
[SourceDate "2024.12.25"]
[SourceVersion "1"]
[SourceVersionDate "2024.12.25"]
[SourceQuality "1"]

1. e4 c5 2. Nf3 d6 3. Bb5+ Bd7 4. Bxd7+ Nxd7 5. 0-0 Ngf6 6. Re1 e6 7. c3 Be7 8. d4 0-0 9. Nbd2 Rc8 10. e5 Ne8 11. Ne4 cxd4 12. cxd4 dxe5 13. dxe5 Nc7 14. a3 Nd5 15. Qd3 Qc7 16. Neg5 Qc2 17. Qxc2 Rxc2 18. b4 Rfc8 19. Ne4 a6 20. Be3 h6 21. h3 R8c4 22. Ned2 R4c3 23. Ne4 Rd3 24. Red1 Rxd1+ 25. Rxd1 Rc4 26. Bd4 Kf8 27. Ned2 Rc7 28. Nb3 Ke8 29. Kf1 N7b6 30. Bxb6 Nxb6 31. Nfd2 Nd5 32. Rc1 Kd7 33. Rxc7+ Kxc7 34. g3 Nc3 35. Nd4 Kd7 36. f4 Bd8 37. Ne2 Nd5 38. Nc4 Bc7 39. Ke1 b5 40. Nb2 Bb6 41. Kd2 h5 42. Kd3 a5 43. bxa5 Bxa5 44. Nd1 Be1 45. Ne3 Nxe3 46. Kxe3 Kc6 47. g4 hxg4 48. hxg4 Kc5 49. Kd3 Kd5 50. Nc3+ Kc6 51. Ne4 Ba5 52. Ng5 Bd8 53. Nxf7 Be7 54. g5 Bxa3 55. Nd8+ Kd7 56. Nf7 Bc1 57. Nd6 Bxf4 58. Nxb5 Kc6 59. Nc3 Bxe5 60. Ne4 Kd5 61. Ke3 Bb2 62. Kf3 Ke5 63. Ng3 g6 64. Ne4 Kf5 65. Nc5 Bd4 66. Ne4 Be5 67. Nc5 Bd6 68. Ne4 Be7 69. Ng3+ Ke5 70. Ne4 Kf5 71. Ng3+ Kxg5 72. Ne4+ Kf5 73. Ng3+ Ke5 74. Ne4 Bh4 75. Nd2 Kf5 76. Ne4 Be7 77. Ng3+ Kg5 78. Ne4+ Kh6 79. Kg4 Kg7 80. Kf4 Kf8 81. Ke5 Kf7 82. Kf4 Bf6 83. Nd6+ Ke7 84. Ne4 e5+ 85. Kg4 Ke6 86. Kf3 Be7 87. Ng3 Kd5 88. Ne4 Kd4 89. Ng3 Kd3 90. Ne4 Kd4 91. Ng3 Bg5 92. Ne2+ Kd3 93. Ng3 Bf4 94. Ne4 Kd4 95. Nf2 g5 96. Ng4 e4+ 97. Ke2 Kd5 98. Kf2 Ke6 99. Ke2 Kf5 100. Nf2 g4 101. Nd1 Ke5 102. Nf2 g3 103. Nd1 Kd4 104. Kf1 Kd3 105. Nb2+ Kc3 106. Nd1+ Kc2 107. Ne3+ Bxe3 108. Kg2 Kd3 109. Kxg3 Ke2 110. Kg2 Bf2 111. Kh3 Kf3 112. Kh2 e3 113. Kh1 e2 114. Kh2 e1Q 115. Kh3 Qh1# 0-1

[Event "Suhar op"]
[Site "Suhar"]
[Date "2024.12.13"]
[Round "4"]
[White "Fathi Tavani, Farhoud"]
[Black "Hakemi, Arman"]
[Result "0-1"]
[WhiteElo "1881"]
[BlackElo "2439"]
[PlyCount "78"]
[EventDate "2024.12.12"]
[EventType "swiss"]
[EventRounds "7"]
[EventCountry "OMN"]
[SourceTitle "CB52_2024"]
[SourceDate "2024.12.25"]
[SourceVersion "1"]
[SourceVersionDate "2024.12.25"]
[SourceQuality "1"]

1. e4 c5 2. c4 Nc6 3. g3 g6 4. Bg2 Bg7 5. Nc3 d6 6. Nge2 e6 7. d3 Nge7 8. 0-0 0-0 9. a3 Rb8 10. Rb1 b6 11. b4 Bb7 12. Bf4 Qd7 13. Nb5 e5 14. Be3 f5 15. f4 Rbd8 16. Nbc3 Nd4 17. bxc5 dxc5 18. Bxd4 exd4 19. Nd5 fxe4 20. dxe4 Nc6 21. e5 Na5 22. f5 gxf5 23. e6 Qxe6 24. Nef4 Qf7 25. Re1 Rfe8 26. Qd3 Be5 27. Rf1 Kh8 28. Nh3 Rf8 29. Rbe1 Rde8 30. Ng5 Qg6 31. h4 Ba6 32. Rxe5 Rxe5 33. Nf4 Qd6 34. Qf3 Bxc4 35. Qh5 Bg8 36. g4 Nc4 37. gxf5 Rexf5 38. Re1 Ne3 39. Nfe6 Qg3 0-1

[Event "Suhar op"]
[Site "Suhar"]
[Date "2024.12.12"]
[Round "1"]
[White "Hakemi, Arman"]
[Black "Pinto, Niyola"]
[Result "1-0"]
[WhiteElo "2439"]
[BlackElo "1421"]
[PlyCount "69"]
[EventDate "2024.12.12"]
[EventType "swiss"]
[EventRounds "7"]
[EventCountry "OMN"]
[SourceTitle "CB52_2024"]
[SourceDate "2024.12.25"]
[SourceVersion "1"]
[SourceVersionDate "2024.12.25"]
[SourceQuality "1"]

1. d4 Nf6 2. Nf3 e6 3. g3 Be7 4. Bg2 0-0 5. 0-0 d5 6. c4 Nbd7 7. Qc2 b6 8. cxd5 exd5 9. Bf4 c5 10. Nc3 Bb7 11. Rfd1 c4 12. Ne5 Rc8 13. Qa4 a6 14. Nxd7 Nxd7 15. Nxd5 Bxd5 16. Bxd5 Nf6 17. Bb7 c3 18. Rac1 b5 19. Qxa6 cxb2 20. Rxc8 Qxd4 21. Rxf8+ Bxf8 22. Rxd4 b1Q+ 23. Kg2 h6 24. Rd8 Qf5 25. Bd6 Nh7 26. Qa8 h5 27. Bxf8 Nxf8 28. Rxf8+ Kh7 29. Be4 b4 30. Bxf5+ Kh6 31. Rh8+ Kg5 32. Qd8+ f6 33. f4+ Kxf5 34. Qd5+ Kg6 35. Qxh5# 1-0

[Event "Yerevan op-A 5th"]
[Site "Yerevan"]
[Date "2023.10.02"]
[Round "4"]
[White "Nazari, Arad"]
[Black "Hakemi, Arman"]
[Result "1-0"]
[WhiteElo "2363"]
[BlackElo "2462"]
[PlyCount "79"]
[EventDate "2023.09.29"]
[EventType "swiss"]
[EventRounds "9"]
[EventCountry "ARM"]
[SourceTitle "CBM 216 Extra"]
[Source "ChessBase"]
[SourceDate "2023.11.30"]
[SourceVersion "1"]
[SourceVersionDate "2023.11.30"]
[SourceQuality "1"]

1. e4 c5 2. Nf3 d6 3. d4 cxd4 4. Nxd4 Nf6 5. Nc3 a6 6. h3 e5 7. Nf3 h6 8. g4 b5 9. g5 hxg5 10. Nxg5 Bb7 11. Rg1 Qc7 12. Be3 Nbd7 13. Bd3 Rc8 14. Qf3 Nc5 15. Bxc5 Qxc5 16. 0-0-0 Rh4 17. Rg4 Rh6 18. Nd5 Bxd5 19. exd5 Rc7 20. Ne4 Nxe4 21. Qxe4 Rxh3 22. a4 Qxf2 23. axb5 axb5 24. Bxb5+ Ke7 25. Rf1 Qe3+ 26. Qxe3 Rxe3 27. Ra4 g6 28. Ra8 f5 29. Rh1 Kf7 30. Bc6 Re4 31. c3 Be7 32. Rh7+ Kf6 33. b4 f4 34. b5 f3 35. Rh1 f2 36. Kd1 Kg7 37. b6 Bh4 38. bxc7 Re1+ 39. Kc2 Rxh1 40. Bb5 1-0

[Event "Ayvalik Kadife"]
[Site "Ayvalik"]
[Date "2023.04.20"]
[Round "8.5"]
[White "Gokerkan, Cem Kaan"]
[Black "Hakemi, Arman"]
[Result "1-0"]
[WhiteElo "2489"]
[BlackElo "2419"]
[PlyCount "99"]
[EventDate "2023.04.15"]
[EventType "schev"]
[EventRounds "9"]
[EventCountry "TUR"]
[SourceTitle "CBM 213 Extra"]
[Source "ChessBase"]
[SourceDate "2023.05.31"]
[SourceVersion "1"]
[SourceVersionDate "2023.05.31"]
[SourceQuality "1"]
[WhiteTeam "Team A"]
[BlackTeam "Team C"]
[WhiteTeamCountry "TUN"]
[BlackTeamCountry "TUR"]

1. e4 e5 2. Nf3 Nf6 3. Nxe5 d6 4. Nf3 Nxe4 5. d4 d5 6. Bd3 Bd6 7. 0-0 0-0 8. Re1 Bf5 9. c4 c6 10. Qb3 Qd7 11. Nc3 Nxc3 12. Bxf5 Qxf5 13. bxc3 b6 14. cxd5 Qxd5 15. c4 Qf5 16. Ba3 Bxa3 17. Qxa3 Nd7 18. Re7 c5 19. d5 b5 20. Rd1 bxc4 21. d6 Rfd8 22. h3 h6 23. Qc1 Rab8 24. Ree1 Rb6 25. Qxc4 Nf8 26. Rd5 Qf6 27. Qxc5 Rdxd6 28. Rf5 Qd8 29. Ne5 Rd5 30. Qc4 Re6 31. Re3 Qd6 32. f4 Rc5 33. Qb3 f6 34. Rd3 Qe7 35. Rh5 Qe8 36. Rh4 Rb5 37. Qc4 Rb1+ 38. Kh2 Kh8 39. Rd8 Rxe5 40. Rxe8 Rxe8 41. Qf7 Rbe1 42. Qxa7 R1e2 43. Rg4 R8e7 44. Qb8 Re8 45. Qb5 R8e7 46. a4 Nh7 47. a5 g5 48. a6 h5 49. Rg3 gxf4 50. Qb8+ 1-0

[Event "Ayvalik Kadife"]
[Site "Ayvalik"]
[Date "2023.04.17"]
[Round "4.3"]
[White "Schekachikhin, Maksim"]
[Black "Hakemi, Arman"]
[Result "1/2-1/2"]
[WhiteElo "2376"]
[BlackElo "2419"]
[PlyCount "40"]
[EventDate "2023.04.15"]
[EventType "schev"]
[EventRounds "9"]
[EventCountry "TUR"]
[SourceTitle "CBM 213 Extra"]
[Source "ChessBase"]
[SourceDate "2023.05.31"]
[SourceVersion "1"]
[SourceVersionDate "2023.05.31"]
[SourceQuality "1"]
[WhiteTeam "Team B"]
[BlackTeam "Team C"]
[WhiteTeamCountry "TUR"]
[BlackTeamCountry "TUR"]

1. e4 c5 2. Nf3 d6 3. d4 cxd4 4. Nxd4 Nf6 5. f3 e5 6. Nb3 d5 7. Bg5 Be6 8. Bxf6 gxf6 9. exd5 Qxd5 10. Qxd5 Bxd5 11. Nc3 Be6 12. 0-0-0 Nc6 13. Bb5 Rc8 14. Nd5 f5 15. Nf6+ Ke7 16. Nd5+ Ke8 17. Nf6+ Ke7 18. Nd5+ Ke8 19. Nf6+ Ke7 20. Nd5+ Ke8 1/2-1/2

[Event "Ayvalik Akasya"]
[Site "Ayvalik"]
[Date "2023.04.12"]
[Round "7"]
[White "Hakemi, Arman"]
[Black "Erdogmus, Yagiz Kaan"]
[Result "1-0"]
[WhiteElo "2419"]
[BlackElo "2454"]
[PlyCount "80"]
[EventDate "2023.04.08"]
[EventType "schev"]
[EventRounds "9"]
[EventCountry "TUR"]
[SourceTitle "CBM 213 Extra"]
[Source "ChessBase"]
[SourceDate "2023.05.31"]
[SourceVersion "1"]
[SourceVersionDate "2023.05.31"]
[SourceQuality "1"]
[WhiteTeam "Team A"]
[BlackTeam "Team B"]
[WhiteTeamCountry "TUR"]
[BlackTeamCountry "TUR"]

1. d4 d5 2. Nf3 Nf6 3. g3 Bf5 4. Bg2 e6 5. c4 c6 6. Nc3 h6 7. Qb3 Qb6 8. c5 Qxb3 9. axb3 Na6 10. Ra4 Nd7 11. h4 Be7 12. Bf4 f6 13. h5 Bh7 14. b4 Bc2 15. Rxa6 bxa6 16. Kd2 Bf5 17. Ra1 Nb8 18. Nh4 Bg4 19. Ng6 Rg8 20. Nxe7 Kxe7 21. Bd6+ Kd7 22. Rh1 Bf5 23. f3 Bh7 24. Ra1 Re8 25. e4 Bg8 26. Bh3 Kd8 27. Bf1 e5 28. dxe5 d4 29. Nd1 fxe5 30. Nf2 Bf7 31. f4 Bxh5 32. Bc4 Nd7 33. Bxa6 Re6 34. Bb7 Rxd6 35. cxd6 Rb8 36. Rxa7 Nb6 37. b3 Nc8 38. Bxc8 Kxc8 39. fxe5 Rxb4 40. e6 Rb8 1-0

[Event "Ayvalik Akasya"]
[Site "Ayvalik"]
[Date "2023.04.10"]
[Round "4"]
[White "Hakemi, Arman"]
[Black "Nikcevic, Nebojsa"]
[Result "1-0"]
[WhiteElo "2419"]
[BlackElo "2414"]
[PlyCount "95"]
[EventDate "2023.04.08"]
[EventType "schev"]
[EventRounds "9"]
[EventCountry "TUR"]
[SourceTitle "CBM 213 Extra"]
[Source "ChessBase"]
[SourceDate "2023.05.31"]
[SourceVersion "1"]
[SourceVersionDate "2023.05.31"]
[SourceQuality "1"]
[WhiteTeam "Team A"]
[BlackTeam "Team D"]
[WhiteTeamCountry "TUR"]
[BlackTeamCountry "TUR"]

1. d4 Nf6 2. Nf3 e6 3. g3 b5 4. Bg2 Bb7 5. 0-0 c5 6. Bg5 Be7 7. dxc5 Na6 8. Nc3 b4 9. Nb5 Nxc5 10. Nd6+ Bxd6 11. Qxd6 Rc8 12. a3 bxa3 13. Rxa3 Nce4 14. Bxf6 Nxd6 15. Bxd8 Kxd8 16. Rd1 Bxf3 17. Bxf3 Ke7 18. Rad3 Nc4 19. Rxd7+ Kf6 20. Rb7 a5 21. Rd4 g5 22. b3 Na3 23. Rdd7 Rhf8 24. c4 Rcd8 25. Rxd8 Rxd8 26. Bh5 g4 27. Bxg4 Rd1+ 28. Kg2 Rb1 29. Bf3 Ke5 30. c5 Nc2 31. Rxf7 Rxb3 32. Ra7 Rb5 33. c6 Ne1+ 34. Kh3 Nxf3 35. exf3 Kd6 36. c7 Kd7 37. f4 Rh5+ 38. Kg2 Rc5 39. g4 Rxc7 40. Rxa5 Ke7 41. Rh5 Kf8 42. Rh6 Re7 43. Kf3 Kg7 44. g5 Re8 45. Ke4 Re7 46. h4 Re8 47. h5 Re7 48. Rf6 1-0

[Event "Asia-ch U20"]
[Site "Tagaytay City"]
[Date "2022.11.23"]
[Round "7"]
[White "Hakemi, Arman"]
[Black "Neelash, Saha"]
[Result "1-0"]
[WhiteElo "2412"]
[BlackElo "2436"]
[PlyCount "75"]
[EventDate "2022.11.19"]
[EventType "swiss"]
[EventRounds "9"]
[EventCountry "PHI"]
[SourceTitle "CBM 211 Extra"]
[Source "ChessBase"]
[SourceDate "2023.01.31"]
[SourceVersion "1"]
[SourceVersionDate "2023.01.31"]
[SourceQuality "1"]

1. d4 Nf6 2. Nf3 d5 3. g3 c5 4. Bg2 cxd4 5. 0-0 h6 6. b3 e6 7. Bb2 Bc5 8. Nxd4 e5 9. Nf3 e4 10. Nd4 0-0 11. c4 dxc4 12. bxc4 Qe7 13. Nb3 Bd6 14. c5 Be5 15. Bxe5 Qxe5 16. N1d2 Na6 17. Qc2 e3 18. f4 Qh5 19. Ne4 Nxe4 20. Bxe4 Rb8 21. f5 Bd7 22. Rad1 Bc6 23. Bxc6 bxc6 24. Nd4 Rb7 25. Qe4 Rc7 26. Qxe3 Nxc5 27. Qe5 Na6 28. Qa5 c5 29. Nf3 Rc6 30. Rd8 Rb6 31. Rxf8+ Kxf8 32. Ne5 Kg8 33. Nd7 Qg4 34. Nxb6 Qd4+ 35. Rf2 Nb4 36. Qxa7 c4 37. Qb8+ Kh7 38. Nd7 1-0

[Event "Asia-ch U20"]
[Site "Tagaytay City"]
[Date "2022.11.20"]
[Round "2"]
[White "Hakemi, Arman"]
[Black "Dziththauly, Ramadhan"]
[Result "1/2-1/2"]
[WhiteElo "2412"]
[BlackElo "2194"]
[PlyCount "68"]
[EventDate "2022.11.19"]
[EventType "swiss"]
[EventRounds "9"]
[EventCountry "PHI"]
[SourceTitle "CBM 211 Extra"]
[Source "ChessBase"]
[SourceDate "2023.01.31"]
[SourceVersion "1"]
[SourceVersionDate "2023.01.31"]
[SourceQuality "1"]

1. d4 Nf6 2. c4 e6 3. Nf3 d5 4. g3 Bb4+ 5. Bd2 Bd6 6. Nc3 0-0 7. Bg5 c6 8. Bg2 Nbd7 9. 0-0 h6 10. Bxf6 Nxf6 11. Nd2 e5 12. dxe5 Bxe5 13. cxd5 Bxc3 14. bxc3 Nxd5 15. Qc2 Qa5 16. Rac1 Rd8 17. Nb3 Qa3 18. e4 Nc7 19. f4 Be6 20. c4 b5 21. cxb5 Nxb5 22. e5 Bxb3 23. axb3 Nd4 24. Qf2 Nxb3 25. Rxc6 Rac8 26. Rxc8 Rxc8 27. Bd5 Nc5 28. Qd4 Qd3 29. Qxd3 Nxd3 30. e6 Kf8 31. exf7 Rc1 32. Rxc1 Nxc1 33. Kf1 Nd3 34. Ke2 Nb4 1/2-1/2

[Event "Tsaghkadzor op"]
[Site "Tsaghkadzor"]
[Date "2022.10.07"]
[Round "8"]
[White "Hakemi, Arman"]
[Black "Sochacki, Christophe"]
[Result "1-0"]
[WhiteElo "2345"]
[BlackElo "2463"]
[PlyCount "122"]
[EventDate "2022.09.30"]
[EventType "swiss"]
[EventRounds "9"]
[EventCountry "ARM"]
[SourceTitle "CBM 210 Extra"]
[Source "ChessBase"]
[SourceDate "2022.11.30"]
[SourceVersion "1"]
[SourceVersionDate "2022.11.30"]
[SourceQuality "1"]

1. d4 Nf6 2. Nf3 e6 3. g3 c5 4. Bg2 d5 5. 0-0 cxd4 6. Nxd4 e5 7. Nb3 Nc6 8. Bg5 Be6 9. Nc3 d4 10. Ne4 Be7 11. Bxf6 gxf6 12. c3 Qb6 13. cxd4 exd4 14. Rc1 Rd8 15. Nec5 Bd5 16. Nd3 Bxg2 17. Kxg2 h5 18. Nd2 h4 19. Nf3 h3+ 20. Kh1 Qb5 21. Qc2 Kf8 22. Rfd1 Qf5 23. a3 a5 24. Nf4 Qxc2 25. Rxc2 Bd6 26. Nd3 Rh5 27. Kg1 Rb5 28. Kf1 Bb8 29. Rc5 Rxc5 30. Nxc5 b6 31. Nd3 Ke7 32. Rc1 Ne5 33. Ke1 Rd5 34. Rc8 Bd6 35. Kd1 Kd7 36. Rc2 Ng4 37. Kd2 f5 38. Ng1 f4 39. Nxh3 fxg3 40. hxg3 b5 41. Ng1 Bf8 42. Nf3 a4 43. Ke1 Bh6 44. Kf1 f6 45. Kg2 Ne5 46. Nfxe5+ fxe5 47. Kf3 Bg7 48. Ke4 Rd6 49. g4 Rh6 50. Nxe5+ Bxe5 51. Kxe5 Rh2 52. Kxd4 Rxf2 53. Kc5 Rf4 54. Kxb5 Rxg4 55. Rc4 Rg2 56. Re4 Kd6 57. Kxa4 Kd5 58. Re8 Kc4 59. b3+ Kc5 60. b4+ Kc4 61. Rc8+ Kd5 1-0